Best NBA Players Born By Month 2022 - Statistics

General Stats
  • This quiz has been taken 53 times
  • The average score is 11 of 12
Answer Stats
Month Date Hint Answer % Correct
March 16th 76ers Joel Embiid
100%
February 19th Nuggets Nikola Jokic
100%
October 30th Suns Devin Booker
98%
September 29th Nets Kevin Durant
98%
May 6th Suns Chris Paul
96%
July 15th Trailblazers Damian Lillard
96%
December 6th Bucks Giannis Antetokounmpo
96%
August 10th Grizzlies Ja Morant
96%
June 29th Clippers Kawhi Leonard
96%
November 15th Timberwolves Karl-Anthony Towns
93%
January 26th Cavaliers Darius Garland
91%
April 2nd Raptors Pascal Siakam
87%
No matching quizzes found
Score Distribution
Percent of People with Each Score
Percentile by Number Answered
Your Score History
You have not taken this quiz